00612nam a2200193 a 450000100060000000300080000600500170001400800410003103500190007204000260009104100080011708200280012510000160015324501180016926000440028730000210033160000520035265000140040481852BD-RjUL20240314100943.0230905s1959 pk 001 0bu d a(BD-RjUL)81852 aBD-RjULbengcBD-RjUL aurd 223a954.03092bABS 19591 aAbdul Haque10aسرسید احمد خان: حالات و افکار ;'; Sir Syed Ahmad Khan : halat Wa Afkar /c Abdul Haque. aKarachi :bAnjuman i taraqi urdu,c1959 a195 p. ;c22 cm.10aAḥmad Ḵẖāṉ, Sayyid,cSir,d1817-1898. zStatesmen